000 00353nam a22001217a 4500
082 _a220 PRO
100 _aSyed Ammar Qadir Muhammad Abdullah Muhammad Ahsan Zia
_971185
245 _aPR-SOF-1429-DIGITAL STETHOSCOPE
260 _aISLAMABAD
_bNUST COLLEGE OF EME
_c2015
650 _aDE-ELECT-33
_971186
700 _aDr. Tahir Zaidi
_931395
942 _cCR
999 _c577845
_d577845